| 000 | 00896nam a2200301Ia 4500 | ||
|---|---|---|---|
| 003 | OSt | ||
| 005 | 20220912145113.0 | ||
| 006 | a|||||r|||| 00| 0 | ||
| 007 | ta | ||
| 008 | 220909b |||||||| |||| 00| 0 eng d | ||
| 020 | _a0471239739 (hbd) | ||
| 024 | _a76844 | ||
| 037 | _b1714, 20/02/2007, Unilib Book Distributors | ||
| 037 | _cTextbook | ||
| 040 |
_aCSL _beng _cCSL |
||
| 041 | _aeng | ||
| 082 | _aC9B3, N0;P4 TC | ||
| 100 | _aWong Samuel S M | ||
| 245 | 0 | _aIntroductory nuclear physics | |
| 250 | _a2 | ||
| 260 |
_aWeinheim Wiley _bVCH Verlag GmbH _c2004 |
||
| 300 |
_axii,460p. _ccm. |
||
| 500 | _aAppendix A-B 397-434p; Bibliography 435-444p; Index 445-460p | ||
| 650 | _a Nuclear physics | ||
| 650 | _aPhysics | ||
| 942 |
_hC9B3, N0;P4 TC _cTB _2CC |
||
| 999 |
_c23279 _d23279 |
||